000 00293nam a2200109Ia 4500
008 190216s9999||||xx |||||||||||||| ||und||
100 _aAzheekod Shashti Poorthi Smaranika Samidi
245 0 _aMalayalam-Rekha Charithra Rajana
260 _bBhasha Institute
650 _aMalayalam
942 _cBK
999 _c26285
_d26285